000 00675nam a2200205 a 4500
003 BD-DhJNU
005 20251104034417.0
008 251001s2018 ii a b 001 0 eng
020 _a9781844575046
040 _aBD-DhJNU
_bENG
_cBD-DhJNU
_dBD-DhJNU
082 0 0 _a791.437 HAH
_223
100 1 _aHanson, Helen
245 1 0 _aHollywood soundscapes :
_bfilm sound style, craft and production in the classical era /
_cHelen Hanson
260 _aLondon:
_bBritish Film Institute,
_c2018.
300 _axi, 184 p. :
_bill. ;
_c26 cm.
504 _aIncludes bibliographical references and index.
650 0 _aFilm sound design
650 0 _aClassical Hollywood cinema
942 _cBK
999 _c2331
_d2331